Evaporation of water droplets with metallic inclusions; International Journal of Multiphase Flow; Vol. 102

Bibliografiske detaljer
Parent link:International Journal of Multiphase Flow: Scientific Journal
Vol. 102.— 2018.— [P. 64-76]
Hovedforfatter: Legro J. K. Ch. Zhan Klod Chislan
Institution som forfatter: Национальный исследовательский Томский политехнический университет Инженерная школа энергетики Научно-образовательный центр И. Н. Бутакова (НОЦ И. Н. Бутакова)
Andre forfattere: Piskunov M. V. Maksim Vladimirovich
Summary:Title screen
The dynamics of non-axisymmetric evaporating droplet with metallic inclusions heated in a high-temperature gas flow are experimentally studied. The type of metallic inclusion is found to play a critical role in the transient flow dynamics and associated heat transfer. Experiments were conducted with eight metals and alloys currently used in industrial applications. High-speed recording (up to 102–104 frames per second) allowed measuring lifetimes of water droplets with different metallic inclusions (1?mm or 2?mm in size) when increasing the gas temperature from ?300?K up to about 900?K. We propose a candidate mechanism of evaporation that explains the differences between measured droplet lifetimes in the performed tests. Furthermore, the conditions to provide the most effective cooling are determined. They are based on the balance equations taking into account warm-up times of inclusions and the ratio between the latent heat of vaporization of water, the energy used to heat up water and the metallic particles.
Режим доступа: по договору с организацией-держателем ресурса
Sprog:engelsk
Udgivet: 2018
Fag:
Online adgang:https://doi.org/10.1016/j.ijmultiphaseflow.2018.01.020
Format: MixedMaterials Electronisk Book Chapter
KOHA link:https://koha.lib.tpu.ru/cgi-bin/koha/opac-detail.pl?biblionumber=657911

MARC

LEADER 00000naa0a2200000 4500
001 657911
005 20250123162754.0
035 |a (RuTPU)RU\TPU\network\24739 
090 |a 657911 
100 |a 20180329d2018 k||y0engy50 ba 
101 0 |a eng 
102 |a GB 
135 |a drcn ---uucaa 
181 0 |a i  
182 0 |a b 
200 1 |a Evaporation of water droplets with metallic inclusions  |f J. K. Ch. Legro, M. V. Piskunov 
203 |a Text  |c electronic 
300 |a Title screen 
320 |a [References: 57 tit.] 
330 |a The dynamics of non-axisymmetric evaporating droplet with metallic inclusions heated in a high-temperature gas flow are experimentally studied. The type of metallic inclusion is found to play a critical role in the transient flow dynamics and associated heat transfer. Experiments were conducted with eight metals and alloys currently used in industrial applications. High-speed recording (up to 102–104 frames per second) allowed measuring lifetimes of water droplets with different metallic inclusions (1?mm or 2?mm in size) when increasing the gas temperature from ?300?K up to about 900?K. We propose a candidate mechanism of evaporation that explains the differences between measured droplet lifetimes in the performed tests. Furthermore, the conditions to provide the most effective cooling are determined. They are based on the balance equations taking into account warm-up times of inclusions and the ratio between the latent heat of vaporization of water, the energy used to heat up water and the metallic particles. 
333 |a Режим доступа: по договору с организацией-держателем ресурса 
461 |t International Journal of Multiphase Flow  |o Scientific Journal 
463 |t Vol. 102  |v [P. 64-76]  |d 2018 
610 1 |a электронный ресурс 
610 1 |a труды учёных ТПУ 
610 1 |a капли 
610 1 |a выпаривание 
610 1 |a температура 
610 1 |a измерения 
610 1 |a твердые вещества 
610 1 |a теплообмен 
700 1 |a Legro  |b J. K. Ch.  |c specialist in the field of power engineering  |c Professor of Tomsk Polytechnic University  |f 1942-  |g Zhan Klod Chislan  |3 (RuTPU)RU\TPU\pers\35493 
701 1 |a Piskunov  |b M. V.  |c specialist in the field of thermal engineering  |c engineer of Tomsk Polytechnic University  |f 1991-  |g Maksim Vladimirovich  |3 (RuTPU)RU\TPU\pers\34151  |9 17691 
712 0 2 |a Национальный исследовательский Томский политехнический университет  |b Инженерная школа энергетики  |b Научно-образовательный центр И. Н. Бутакова (НОЦ И. Н. Бутакова)  |3 (RuTPU)RU\TPU\col\23504 
801 2 |a RU  |b 63413507  |c 20180329  |g RCR 
856 4 |u https://doi.org/10.1016/j.ijmultiphaseflow.2018.01.020 
942 |c CF